[Event "Quebec-ch qual"]
[Site "Gatineau CAN"]
[Date "2008.04.01"]
[Round "4"]
[White "Berthiaume, Patrick"]
[Black "Kennedy, Phillip"]
[Result "1-0"]
[WhiteElo "1214"]
[BlackElo "1343"]
[PlyCount "107"]
[GameId "2160767910413272"]
[EventDate "2008.03.11"]
[EventType "swiss"]
[EventRounds "5"]
[EventCountry "CAN"]

1. d4 Nf6 2. c4 g6 3. Nc3 Bg7 4. e4 d6 5. Nf3 Nc6 6. Be3 O-O 7. Be2 b6 8. Qd2 Bb7 9. O-O-O Re8 10. Bh6 Ng4 11. Bxg7 Kxg7 12. Bd3 e6 13. h3 Nf6 14. Rhe1 Ng8 15. d5 exd5 16. cxd5 Ne5 17. Nxe5 dxe5 18. Bb5 Rf8 19. Qe3 a6 20. Bc6 Bxc6 21. dxc6 Qf6 22. Nd5 Qxc6+ 23. Kb1 a5 24. Rc1 Qd7 25. Rxc7 Qb5 26. Qxb6 Qd3+ 27. Rc2 Rab8 28. Qxa5 Rb5 29. Qd2 Qxd2 30. Rxd2 Rc8 31. Rc2 Rxc2 32. Kxc2 f6 33. Rb1 Kf7 34. b4 Rb8 35. b5 Ne7 36. b6 Nc8 37. a4 Nd6 38. Kd3 Nb7 39. Kc4 f5 40. f3 f4 41. Kb5 Rc8 42. Nc7 Ke7 43. Kc6 Na5+ 44. Kb5 Nb7 45. a5 Nd6+ 46. Kc6 Nc4 47. a6 Kd8 48. Rd1+ Ke7 49. b7 Na5+ 50. Kb5 Nxb7 51. axb7 Rb8 52. Kb6 Kf6 53. Ka7 Rf8 54. b8=Q 1-0

[Event "Quebec-ch qual"]
[Site "Gatineau CAN"]
[Date "2008.04.01"]
[Round "4"]
[White "Berthiaume, Serge"]
[Black "Sunatori, Evelyne"]
[Result "1-0"]
[WhiteElo "1264"]
[BlackElo "1185"]
[PlyCount "91"]
[GameId "2160767910413273"]
[EventDate "2008.03.11"]
[EventType "swiss"]
[EventRounds "5"]
[EventCountry "CAN"]
[SourceTitle "EXT 2011"]
[Source "ChessBase"]
[SourceDate "2011.11.26"]
[SourceVersion "1"]
[SourceVersionDate "2011.11.26"]
[SourceQuality "1"]

1. d4 d5 2. c4 c6 3. Nf3 e6 4. Nc3 h6 5. Bf4 Bd6 6. Ne5 Bxe5 7. Bxe5 Nf6 8. cxd5 cxd5 9. e3 O-O 10. Bd3 Nc6 11. Bg3 Qe7 12. Qf3 Rd8 13. O-O e5 14. dxe5 Nxe5 15. Qd1 d4 16. exd4 Rxd4 17. Bh7+ Kxh7 18. Qxd4 Bf5 19. Bxe5 Re8 20. Nd5 Qxe5 21. Nxf6+ Qxf6 22. Qxf6 gxf6 23. Rfe1 Be6 24. b3 Rg8 25. h4 Bd5 26. g3 f5 27. Re7 f4 28. Kh2 fxg3+ 29. fxg3 a6 30. Rd1 Be6 31. Rxb7 Kg6 32. Rb6 a5 33. Ra6 Kf5 34. Rxa5+ Ke4 35. Rf1 h5 36. Rxh5 Kd3 37. Ra5 Kc3 38. Rf2 Rb8 39. h5 Rh8 40. Re5 Bg4 41. Rg5 Bxh5 42. Kg1 Bg6 43. Re5 Kd3 44. Rh2 Rc8 45. Ree2 Rc1+ 46. Kf2 1-0

[Event "Quebec-ch qual"]
[Site "Gatineau CAN"]
[Date "2008.04.01"]
[Round "4"]
[White "Cossette, Daniel"]
[Black "Szalay, Karoly"]
[Result "1/2-1/2"]
[WhiteElo "2116"]
[BlackElo "2098"]
[PlyCount "81"]
[GameId "2160767910413274"]
[EventDate "2008.03.11"]
[EventType "swiss"]
[EventRounds "5"]
[EventCountry "CAN"]
[SourceTitle "EXT 2011"]
[Source "ChessBase"]
[SourceDate "2011.11.26"]
[SourceVersion "1"]
[SourceVersionDate "2011.11.26"]
[SourceQuality "1"]

1. e4 e5 2. Nf3 Nc6 3. d4 exd4 4. c3 d3 5. Bxd3 Bc5 6. b4 Bb6 7. a4 a5 8. b5 Nce7 9. Na3 d5 10. Qe2 dxe4 11. Bxe4 Nf6 12. Bg5 Nxe4 13. Qxe4 Bf5 14. Qxe7+ Qxe7+ 15. Bxe7 Kxe7 16. O-O Rhe8 17. Nc4 Bc5 18. Rfe1+ Kf8 19. Rxe8+ Kxe8 20. Re1+ Be7 21. b6 Be6 22. Nfd2 c6 23. Ne4 Ra6 24. Ned6+ Bxd6 25. Nxd6+ Kd7 26. Nxb7 Rxb6 27. Nxa5 Kc7 28. f4 g6 29. g4 Kd6 30. f5 gxf5 31. gxf5 Ba2 32. Re4 Rb1+ 33. Kf2 Rb2+ 34. Kg3 Rc2 35. Nb7+ Kd5 36. Re7 Rxc3+ 37. Kg4 Rc4+ 38. Kg5 h6+ 39. Kxh6 Rxa4 40. Rxf7 Ke5 41. Rf8 1/2-1/2

[Event "Quebec-ch qual"]
[Site "Gatineau CAN"]
[Date "2008.04.01"]
[Round "4"]
[White "Dupont, Claude"]
[Black "Laurin, Jacques"]
[Result "0-1"]
[WhiteElo "1494"]
[BlackElo "1819"]
[PlyCount "82"]
[GameId "2160767910413275"]
[EventDate "2008.03.11"]
[EventType "swiss"]
[EventRounds "5"]
[EventCountry "CAN"]
[SourceTitle "EXT 2011"]
[Source "ChessBase"]
[SourceDate "2011.11.26"]
[SourceVersion "1"]
[SourceVersionDate "2011.11.26"]
[SourceQuality "1"]

1. e4 Nf6 2. e5 Nd5 3. c4 Nb6 4. c5 Nd5 5. Bc4 e6 6. d4 Qh4 7. Bxd5 exd5 8. Nf3 Qg4 9. O-O Be7 10. Nc3 c6 11. Be3 Na6 12. a3 Nc7 13. b4 Ne6 14. b5 Nf4 15. Bxf4 Qxf4 16. Qd2 Qg4 17. a4 O-O 18. Ne2 f6 19. h3 Qg6 20. Ng3 f5 21. Qf4 b6 22. cxb6 axb6 23. h4 Qg4 24. Ne2 h6 25. g3 Qh5 26. Nc3 g5 27. hxg5 hxg5 28. Qe3 Rf7 29. Kg2 Qg4 30. Nh2 Qh5 31. Rh1 f4 32. Qf3 Qxf3+ 33. Nxf3 g4 34. Nd2 Bb4 35. Ndb1 c5 36. Nxd5 Bb7 37. Rh4 Bxd5+ 38. Kh2 Rh7 39. Rxh7 Kxh7 40. gxf4 Kg6 41. Ra2 Bxa2 0-1

[Event "Quebec-ch qual"]
[Site "Gatineau CAN"]
[Date "2008.04.01"]
[Round "4"]
[White "Forget, David"]
[Black "Desjardins, Michel"]
[Result "1/2-1/2"]
[WhiteElo "1930"]
[BlackElo "1965"]
[PlyCount "40"]
[GameId "2160767910413276"]
[EventDate "2008.03.11"]
[EventType "swiss"]
[EventRounds "5"]
[EventCountry "CAN"]
[SourceTitle "EXT 2011"]
[Source "ChessBase"]
[SourceDate "2011.11.26"]
[SourceVersion "1"]
[SourceVersionDate "2011.11.26"]
[SourceQuality "1"]

1. d4 d5 2. c4 c6 3. cxd5 cxd5 4. Nc3 Nc6 5. Nf3 Nf6 6. Bf4 Bf5 7. Qb3 Qb6 8. e3 e6 9. Bb5 Be7 10. O-O O-O 11. Rac1 Na5 12. Qa4 Rac8 13. Ne5 a6 14. Bd3 Bxd3 15. Nxd3 Rc4 16. Qd1 Rfc8 17. Ne5 R4c7 18. Nd3 Rc4 19. Ne5 R4c7 20. Nd3 Rc4 1/2-1/2

[Event "Quebec-ch qual"]
[Site "Gatineau CAN"]
[Date "2008.04.01"]
[Round "4"]
[White "Guimond, Michel"]
[Black "Groleau, Gilles"]
[Result "1-0"]
[WhiteElo "1874"]
[BlackElo "1959"]
[PlyCount "103"]
[GameId "2160767910413277"]
[EventDate "2008.03.11"]
[EventType "swiss"]
[EventRounds "5"]
[EventCountry "CAN"]
[SourceTitle "EXT 2011"]
[Source "ChessBase"]
[SourceDate "2011.11.26"]
[SourceVersion "1"]
[SourceVersionDate "2011.11.26"]
[SourceQuality "1"]

1. e4 c5 2. Nf3 e6 3. d4 cxd4 4. Nxd4 Nf6 5. Nc3 d6 6. Bc4 Be7 7. a4 O-O 8. Bb3 Na6 9. Qe2 Nc5 10. Ba2 e5 11. Nf5 Be6 12. Bg5 Qd7 13. Nxe7+ Qxe7 14. Bd5 Rab8 15. O-O h6 16. Bxf6 Qxf6 17. Qe3 Qf4 18. Rae1 Qxe3 19. Rxe3 Bxd5 20. exd5 a6 21. f4 exf4 22. Rxf4 Rbe8 23. Rxe8 Rxe8 24. b4 Nd7 25. Ne4 Re5 26. Nxd6 Rxd5 27. Nxb7 Rd1+ 28. Rf1 Rd4 29. c3 Rc4 30. Rc1 Rc7 31. Nd6 Rc6 32. Ne4 f5 33. Nd2 Nb6 34. b5 Rd6 35. a5 Nd7 36. Nc4 Re6 37. b6 Nc5 38. Rd1 Re7 39. Rd5 Na4 40. Rd8+ Kh7 41. Nd6 Nc5 42. Nxf5 Re5 43. Nd4 Re1+ 44. Kf2 Nd3+ 45. Kf3 Ne5+ 46. Kg3 Re3+ 47. Kf4 Re1 48. b7 Nd3+ 49. Kg3 Re3+ 50. Nf3 Nc5 51. b8=Q Ne4+ 52. Kf4 1-0

[Event "Quebec-ch qual"]
[Site "Gatineau CAN"]
[Date "2008.04.01"]
[Round "4"]
[White "Jani, Louis"]
[Black "Labelle, Raymond"]
[Result "1-0"]
[WhiteElo "1467"]
[BlackElo "1368"]
[PlyCount "59"]
[GameId "2160767910413278"]
[EventDate "2008.03.11"]
[EventType "swiss"]
[EventRounds "5"]
[EventCountry "CAN"]
[SourceTitle "EXT 2011"]
[Source "ChessBase"]
[SourceDate "2011.11.26"]
[SourceVersion "1"]
[SourceVersionDate "2011.11.26"]
[SourceQuality "1"]

1. d4 Nf6 2. c4 e6 3. Nc3 d5 4. e3 Be7 5. Nf3 O-O 6. Bd3 Nbd7 7. O-O c5 8. Re1 Re8 9. Qb3 b6 10. cxd5 cxd4 11. dxe6 fxe6 12. Qxe6+ Kh8 13. exd4 Bb7 14. Qh3 h6 15. Ng5 Kg8 16. Ne6 Qb8 17. Bf4 Qc8 18. Bxh6 Bf8 19. Qg3 Nh5 20. Qg6 Ndf6 21. Nxf8 Rxe1+ 22. Rxe1 Qxf8 23. g4 Qf7 24. gxh5 Qxg6+ 25. Bxg6 gxh6 26. Re7 Bc6 27. Re6 Nxh5 28. Bxh5 Bd7 29. Rxh6 Bf5 30. Rf6 1-0

[Event "Quebec-ch qual"]
[Site "Gatineau CAN"]
[Date "2008.04.01"]
[Round "4"]
[White "Levesque, Andre"]
[Black "Duret, Serge"]
[Result "1-0"]
[WhiteElo "1418"]
[BlackElo "1021"]
[PlyCount "63"]
[GameId "2160767910413279"]
[EventDate "2008.03.11"]
[EventType "swiss"]
[EventRounds "5"]
[EventCountry "CAN"]
[SourceTitle "EXT 2011"]
[Source "ChessBase"]
[SourceDate "2011.11.26"]
[SourceVersion "1"]
[SourceVersionDate "2011.11.26"]
[SourceQuality "1"]

1. e4 c5 2. Nc3 Nc6 3. f4 d6 4. Nf3 Bg4 5. h3 Bxf3 6. Qxf3 Nf6 7. Bc4 Nd4 8. Qd1 g6 9. a3 Bg7 10. d3 e6 11. Be3 b5 12. Ba2 O-O 13. Qd2 Nh5 14. O-O-O b4 15. Ne2 Nxe2+ 16. Qxe2 bxa3 17. Qf2 Bxb2+ 18. Kd2 Qa5+ 19. Ke2 Rab8 20. g4 Ng7 21. f5 Bd4 22. Bxd4 cxd4 23. f6 Ne8 24. Qh4 Rb2 25. Bb3 a2 26. g5 d5 27. e5 Nc7 28. Qh6 Ne8 29. h4 Rb1 30. Rxb1 axb1=Q 31. Rxb1 Qb6 32. Rh1 1-0

[Event "Quebec-ch qual"]
[Site "Gatineau CAN"]
[Date "2008.04.01"]
[Round "4"]
[White "Libersan, Mattieu"]
[Black "Lacourse, Guy"]
[Result "1-0"]
[WhiteElo "1843"]
[BlackElo "1573"]
[PlyCount "95"]
[GameId "2160767910413280"]
[EventDate "2008.03.11"]
[EventType "swiss"]
[EventRounds "5"]
[EventCountry "CAN"]
[SourceTitle "EXT 2011"]
[Source "ChessBase"]
[SourceDate "2011.11.26"]
[SourceVersion "1"]
[SourceVersionDate "2011.11.26"]
[SourceQuality "1"]

1. e4 c5 2. Nf3 d6 3. d4 cxd4 4. Nxd4 Nf6 5. Nc3 a6 6. Bc4 e6 7. O-O Be7 8. f4 Qc7 9. Bb3 b5 10. f5 e5 11. Nde2 Bb7 12. Ng3 Nbd7 13. Bg5 h6 14. Bxf6 Nxf6 15. Nh5 O-O 16. Nxf6+ Bxf6 17. Bd5 Rad8 18. Bxb7 Qxb7 19. Nd5 Kh7 20. Qh5 Bg5 21. h4 g6 22. Qg4 Bd2 23. Rad1 h5 24. Qg3 Bh6 25. Nf6+ Kh8 26. fxg6 fxg6 27. Qxg6 Qg7 28. Qxg7+ Bxg7 29. Nxh5 Bh6 30. Rxf8+ Bxf8 31. Ng3 Kg7 32. Nf5+ Kg6 33. g4 Rd7 34. Kg2 Rd8 35. Kf3 Rc8 36. c3 Rc6 37. g5 Kh5 38. Rh1 Rc4 39. Ng3+ Kg6 40. Kg4 Rc7 41. h5+ Kh7 42. g6+ Kg7 43. Rf1 Rd7 44. Nf5+ Kf6 45. Ne3+ Kg7 46. Nd5 Rb7 47. Kg5 Rb8 48. Rf7+ 1-0

[Event "Quebec-ch qual"]
[Site "Gatineau CAN"]
[Date "2008.04.01"]
[Round "4"]
[White "MacIsaac, Alexandre"]
[Black "Thibault, David"]
[Result "0-1"]
[WhiteElo "1356"]
[BlackElo "1224"]
[PlyCount "66"]
[GameId "2160767910413281"]
[EventDate "2008.03.11"]
[EventType "swiss"]
[EventRounds "5"]
[EventCountry "CAN"]
[SourceTitle "EXT 2011"]
[Source "ChessBase"]
[SourceDate "2011.11.26"]
[SourceVersion "1"]
[SourceVersionDate "2011.11.26"]
[SourceQuality "1"]

1. e4 e5 2. Nf3 Nc6 3. Bc4 h6 4. d4 exd4 5. Nxd4 Nge7 6. Nc3 Ne5 7. Bb3 d6 8. O-O Bg4 9. f3 Bh5 10. Qe2 a6 11. Bf4 N7c6 12. Bxe5 Nxe5 13. Qe3 Be7 14. f4 Ng4 15. Qg3 Bh4 16. Qh3 g6 17. f5 Ne5 18. fxg6 Bxg6 19. Nf5 Bf6 20. Nd5 c6 21. Nxd6+ Qxd6 22. Nxf6+ Kf8 23. Rad1 Qc7 24. Nd7+ Kg7 25. Nxe5 Qxe5 26. Qd7 Qh5 27. Qxb7 Rhd8 28. Rxd8 Rxd8 29. c3 Bxe4 30. Rxf7+ Kh8 31. Rd7 Qc5+ 32. Kh1 Rf8 33. Bf7 Qf2 0-1

[Event "Quebec-ch qual"]
[Site "Gatineau CAN"]
[Date "2008.04.01"]
[Round "4"]
[White "Maisonneuve, Paul"]
[Black "Scantland, Patrick"]
[Result "0-1"]
[WhiteElo "1443"]
[BlackElo "1711"]
[PlyCount "55"]
[GameId "2160767910413282"]
[EventDate "2008.03.11"]
[EventType "swiss"]
[EventRounds "5"]
[EventCountry "CAN"]
[SourceTitle "EXT 2011"]
[Source "ChessBase"]
[SourceDate "2011.11.26"]
[SourceVersion "1"]
[SourceVersionDate "2011.11.26"]
[SourceQuality "1"]

1. d4 Nf6 2. Bf4 b6 3. e3 Bb7 4. Nf3 e6 5. Nbd2 d5 6. Bd3 Bd6 7. Bg3 Nbd7 8. Ne5 Qe7 9. Qe2 c5 10. c3 cxd4 11. exd4 a6 12. O-O O-O 13. f4 b5 14. a3 Nb6 15. Nb3 Nc4 16. Rab1 Rac8 17. f5 Ba8 18. fxe6 fxe6 19. Bh4 Qa7 20. Ng4 Nxg4 21. Qxe6+ Kh8 22. Rxf8+ Rxf8 23. Qxg4 Qf7 24. Rf1 Qxf1+ 25. Bxf1 Rxf1+ 26. Kxf1 Ne3+ 27. Ke2 Nxg4 28. h3 0-1

[Event "Quebec-ch qual"]
[Site "Gatineau CAN"]
[Date "2008.04.01"]
[Round "4"]
[White "Menard, Marc"]
[Black "Danilov, Alex"]
[Result "0-1"]
[WhiteElo "1635"]
[BlackElo "1922"]
[PlyCount "52"]
[GameId "2160767910413283"]
[EventDate "2008.03.11"]
[EventType "swiss"]
[EventRounds "5"]
[EventCountry "CAN"]
[SourceTitle "EXT 2011"]
[Source "ChessBase"]
[SourceDate "2011.11.26"]
[SourceVersion "1"]
[SourceVersionDate "2011.11.26"]
[SourceQuality "1"]

1. e4 c5 2. Nf3 Nc6 3. d4 cxd4 4. Nxd4 g6 5. Nc3 Bg7 6. Be3 Nf6 7. Be2 Qa5 8. f3 O-O 9. Nb3 Qd8 10. Qd2 d6 11. O-O-O Be6 12. Nd5 Rc8 13. Nxf6+ Bxf6 14. Bh6 Bg7 15. Bxg7 Kxg7 16. f4 Qb6 17. Kb1 Nb4 18. a3 Nxc2 19. Nd4 Nxa3+ 20. Ka1 Nc2+ 21. Nxc2 Rxc2 22. Qxc2 Qa5+ 23. Kb1 Qa2+ 24. Kc1 Rc8 25. Qxc8 Bxc8 26. Rd4 Qa1+ 0-1

[Event "Quebec-ch qual"]
[Site "Gatineau CAN"]
[Date "2008.04.01"]
[Round "4"]
[White "Pilon, Robert"]
[Black "Blouin, Francois"]
[Result "0-1"]
[WhiteElo "1583"]
[BlackElo "1512"]
[PlyCount "40"]
[GameId "2160767910413284"]
[EventDate "2008.03.11"]
[EventType "swiss"]
[EventRounds "5"]
[EventCountry "CAN"]
[SourceTitle "EXT 2011"]
[Source "ChessBase"]
[SourceDate "2011.11.26"]
[SourceVersion "1"]
[SourceVersionDate "2011.11.26"]
[SourceQuality "1"]

1. e4 e6 2. d4 d5 3. e5 c5 4. c3 Nc6 5. Nf3 Qb6 6. a3 c4 7. Be2 Na5 8. O-O Nb3 9. Ra2 Nxc1 10. Qxc1 Bd7 11. Bd1 Ne7 12. Nh4 h6 13. Bc2 g5 14. Nf3 Nc6 15. b4 cxb3 16. Rb2 Na5 17. Nfd2 Ba4 18. Qd1 bxc2 19. Qc1 cxb1=Q 20. Rxb1 Qc6 0-1

[Event "Quebec-ch qual"]
[Site "Gatineau CAN"]
[Date "2008.04.01"]
[Round "4"]
[White "Reitano, Michael"]
[Black "Rainey, Ivan"]
[Result "0-1"]
[WhiteElo "967"]
[BlackElo "1299"]
[PlyCount "84"]
[GameId "2160767910413285"]
[EventDate "2008.03.11"]
[EventType "swiss"]
[EventRounds "5"]
[EventCountry "CAN"]
[SourceTitle "EXT 2011"]
[Source "ChessBase"]
[SourceDate "2011.11.26"]
[SourceVersion "1"]
[SourceVersionDate "2011.11.26"]
[SourceQuality "1"]

1. e4 c6 2. Nc3 d5 3. Nf3 dxe4 4. Nxe4 Bf5 5. Ng3 Bg4 6. Bc4 Nf6 7. O-O e6 8. d3 Bd6 9. Bd2 Qc7 10. Bc3 Nbd7 11. Qd2 Bxf3 12. gxf3 b5 13. Bb3 O-O 14. Rfe1 Be5 15. Rad1 Bf4 16. Qe2 h5 17. Ne4 Bxh2+ 18. Kg2 Nxe4 19. dxe4 Be5 20. Bb4 Rfe8 21. Rd3 a5 22. Bd2 Nc5 23. Re3 a4 24. Ra1 axb3 25. cxb3 Bxb2 26. Rb1 Be5 27. Bb4 Bd4 28. Rc1 Bxe3 29. fxe3 Nd7 30. Rd1 e5 31. Rd3 Qa7 32. Kg3 Nf6 33. a4 bxa4 34. bxa4 Qxa4 35. Qd2 Qa1 36. Qd1 Qxd1 37. Rxd1 Rec8 38. Bc3 Re8 39. f4 exf4+ 40. exf4 Ra3 41. Rd3 Nxe4+ 42. Kh3 Rxc3 0-1

[Event "Quebec-ch qual"]
[Site "Gatineau CAN"]
[Date "2008.04.08"]
[Round "5"]
[White "Arsenault, Yves"]
[Black "Pilon, Robert"]
[Result "1-0"]
[WhiteElo "1534"]
[BlackElo "1583"]
[PlyCount "41"]
[GameId "2160767910413286"]
[EventDate "2008.03.11"]
[EventType "swiss"]
[EventRounds "5"]
[EventCountry "CAN"]
[SourceTitle "EXT 2011"]
[Source "ChessBase"]
[SourceDate "2011.11.26"]
[SourceVersion "1"]
[SourceVersionDate "2011.11.26"]
[SourceQuality "1"]

1. e4 e6 2. d4 d5 3. Nd2 dxe4 4. Nxe4 b6 5. c3 Bb7 6. Qc2 Nd7 7. Nf3 Be7 8. Be2 Ngf6 9. Nxf6+ Bxf6 10. O-O O-O 11. Bf4 c5 12. Rad1 Rc8 13. dxc5 Rxc5 14. Bd6 Qa8 15. Bxf8 Nxf8 16. Rd2 e5 17. Rfd1 Ne6 18. b4 Rxc3 19. Qa4 Nf4 20. Rd8+ Qxd8 21. Rxd8+ 1-0

[Event "Quebec-ch qual"]
[Site "Gatineau CAN"]
[Date "2008.04.08"]
[Round "5"]
[White "Desjardins, Michel"]
[Black "Laurin, Jacques"]
[Result "1-0"]
[WhiteElo "1965"]
[BlackElo "1819"]
[PlyCount "35"]
[GameId "2160767910413289"]
[EventDate "2008.03.11"]
[EventType "swiss"]
[EventRounds "5"]
[EventCountry "CAN"]
[SourceTitle "EXT 2011"]
[Source "ChessBase"]
[SourceDate "2011.11.26"]
[SourceVersion "1"]
[SourceVersionDate "2011.11.26"]
[SourceQuality "1"]

1. e4 d6 2. d4 Nf6 3. Nc3 g6 4. Be3 Bg7 5. f3 O-O 6. h4 Nh5 7. Nge2 f5 8. exf5 Rxf5 9. Qd2 Rf7 10. g4 Nf6 11. h5 gxh5 12. gxh5 Bf5 13. Ng3 Qd7 14. O-O-O Nc6 15. Be2 Nb4 16. Nxf5 Qxf5 17. Rdg1 Nxh5 18. Rg5 1-0

[Event "Quebec-ch qual"]
[Site "Gatineau CAN"]
[Date "2008.04.08"]
[Round "5"]
[White "Duret, Serge"]
[Black "Labelle, Raymond"]
[Result "0-1"]
[WhiteElo "1071"]
[BlackElo "1368"]
[PlyCount "56"]
[GameId "2160767910413290"]
[EventDate "2008.03.11"]
[EventType "swiss"]
[EventRounds "5"]
[EventCountry "CAN"]
[SourceTitle "EXT 2011"]
[Source "ChessBase"]
[SourceDate "2011.11.26"]
[SourceVersion "1"]
[SourceVersionDate "2011.11.26"]
[SourceQuality "1"]

1. e4 e5 2. Nf3 Nc6 3. Bc4 Bc5 4. Nc3 Nf6 5. d3 d6 6. Be3 Bxe3 7. fxe3 Ng4 8. O-O Nxe3 9. Qc1 Nxf1 10. Qxf1 O-O 11. Qf2 Na5 12. Rf1 Nxc4 13. dxc4 f5 14. Qh4 Qxh4 15. Nxh4 fxe4 16. Nxe4 Rxf1+ 17. Kxf1 Be6 18. b3 Rf8+ 19. Ke2 Rf4 20. Ng5 Bxc4+ 21. bxc4 Rxh4 22. Ne6 Rxh2 23. Nxc7 Rxg2+ 24. Kd3 e4+ 25. Kxe4 Rxc2 26. Nb5 Rxc4+ 27. Kd5 Rc5+ 28. Kxd6 Rxb5 0-1

[Event "Quebec-ch qual"]
[Site "Gatineau CAN"]
[Date "2008.04.08"]
[Round "5"]
[White "Kennedy, Phillip"]
[Black "Jiang, Qizhe"]
[Result "1-0"]
[WhiteElo "1343"]
[BlackElo "971"]
[PlyCount "127"]
[GameId "2160767910413291"]
[EventDate "2008.03.11"]
[EventType "swiss"]
[EventRounds "5"]
[EventCountry "CAN"]

1. c4 e5 2. g3 d6 3. Bg2 Be6 4. Bxb7 Bxc4 5. Qa4+ Nd7 6. Bxa8 Qxa8 7. f3 Be6 8. d3 Ngf6 9. Nc3 a6 10. Be3 g6 11. Rc1 Qb7 12. h4 Nh5 13. g4 Nhf6 14. b3 Bg7 15. Ne4 Nd5 16. Bd2 O-O 17. Ng5 N7b6 18. Qc6 Qxc6 19. Rxc6 Bd7 20. Rc2 Rc8 21. e4 Nf6 22. a4 Be6 23. Nxe6 fxe6 24. Ba5 Nfd7 25. g5 c5 26. Ne2 Rf8 27. Kf2 Rc8 28. h5 gxh5 29. Rxh5 Rf8 30. Rc1 Rf7 31. Rg1 d5 32. g6 hxg6 33. Rhg5 c4 34. bxc4 dxc4 35. dxc4 Nxc4 36. Bc3 Ndb6 37. Nf4 Rxf4 38. Rxg6 Kf7 39. Rxg7+ Kf8 40. Bb4+ Ke8 41. Re7+ Kd8 42. Rxe6 Nxa4 43. Rg8+ Kc7 44. Rxa6 Nab6 45. Ra7+ Kc6 46. Rg6+ Kb5 47. Be7 Rf7 48. Bd8 Rf8 49. Bxb6 Nxb6 50. Rb7 Rd8 51. Rbxb6+ Kc5 52. Rgc6+ Kd4 53. Rd6+ Rxd6 54. Rxd6+ Kc5 55. Rd5+ Kc6 56. Rxe5 Kd6 57. f4 Kd7 58. Ke3 Kd6 59. Kd4 Kc6 60. f5 Kc7 61. f6 Kd7 62. f7 Kd6 63. f8=Q+ Kd7 64. Qf6 1-0

[Event "Quebec-ch qual"]
[Site "Gatineau CAN"]
[Date "2008.04.08"]
[Round "5"]
[White "Lacourse, Guy"]
[Black "Berthiaume, Serge"]
[Result "1-0"]
[WhiteElo "1573"]
[BlackElo "1264"]
[PlyCount "129"]
[GameId "2160767910413292"]
[EventDate "2008.03.11"]
[EventType "swiss"]
[EventRounds "5"]
[EventCountry "CAN"]
[SourceTitle "EXT 2011"]
[Source "ChessBase"]
[SourceDate "2011.11.26"]
[SourceVersion "1"]
[SourceVersionDate "2011.11.26"]
[SourceQuality "1"]

1. c4 e5 2. Nc3 Nc6 3. Nf3 Bc5 4. g3 d6 5. Bg2 Nd4 6. e3 Nxf3+ 7. Bxf3 Nf6 8. O-O c6 9. d4 exd4 10. exd4 Bb4 11. Re1+ Kd7 12. d5 c5 13. Qa4+ Kc7 14. Nb5+ Kb6 15. Nc3 Bd7 16. Qb3 a5 17. a3 a4 18. Qc2 Bxc3 19. bxc3 Ra6 20. Bg5 Ka7 21. Rab1 b6 22. Rbc1 h6 23. Bxf6 Qxf6 24. Qe4 Re8 25. Qf4 Qxf4 26. gxf4 Kb7 27. Rxe8 Bxe8 28. Re1 Ra8 29. Re7+ Ka6 30. Bg4 g6 31. Bd7 Bxd7 32. Rxd7 Ra7 33. Rxd6 Re7 34. Rf6 Kb7 35. f5 gxf5 36. Rxh6 Re4 37. Rf6 Rxc4 38. Rxf5 Rxc3 39. Rxf7+ Ka6 40. d6 Rxa3 41. d7 Rd3 42. h4 a3 43. Rf3 Rd1+ 44. Kg2 Rxd7 45. Rxa3+ Kb7 46. f4 Rc7 47. Kf3 c4 48. Ke2 b5 49. Kd2 Kb6 50. Kc3 Kc5 51. Ra1 Rd7 52. Rf1 Rd3+ 53. Kc2 b4 54. f5 b3+ 55. Kc1 c3 56. f6 Rd2 57. f7 b2+ 58. Kb1 c2+ 59. Kxb2 c1=Q+ 60. Kxc1 Rh2 61. f8=Q+ Kc4 62. Rf4+ Kb3 63. Qb8+ Kc3 64. Rf3+ Kd4 65. Qxh2 1-0

[Event "Quebec-ch qual"]
[Site "Gatineau CAN"]
[Date "2008.04.08"]
[Round "5"]
[White "Levesque, Andre"]
[Black "Jani, Louis"]
[Result "1-0"]
[WhiteElo "1418"]
[BlackElo "1467"]
[PlyCount "103"]
[GameId "2160767910413293"]
[EventDate "2008.03.11"]
[EventType "swiss"]
[EventRounds "5"]
[EventCountry "CAN"]
[SourceTitle "EXT 2011"]
[Source "ChessBase"]
[SourceDate "2011.11.26"]
[SourceVersion "1"]
[SourceVersionDate "2011.11.26"]
[SourceQuality "1"]

1. e4 c5 2. Nc3 Nc6 3. f4 d6 4. Nf3 Nf6 5. Bc4 e6 6. O-O Be7 7. d3 O-O 8. Qe1 Re8 9. Bb5 a6 10. Bxc6 bxc6 11. e5 Nd5 12. Bd2 Bb7 13. Nxd5 cxd5 14. d4 Qb8 15. a4 Bc6 16. Bc3 Ra7 17. b3 Rf8 18. Qg3 f6 19. exf6 Bxf6 20. Rae1 Bd7 21. Kh1 Bc8 22. Re3 Raf7 23. h4 Qb6 24. Rd1 Qd8 25. h5 cxd4 26. Bxd4 Bxd4 27. Rxd4 h6 28. Nh4 Re8 29. Rf3 Qf6 30. Rd1 Qb2 31. Rf2 Rc7 32. Qg6 Rf7 33. Rdf1 Ref8 34. g4 Qf6 35. Qxf6 Rxf6 36. f5 d4 37. Ng6 R8f7 38. b4 exf5 39. gxf5 Bxf5 40. Rxf5 Rxf5 41. Rxf5 Rxf5 42. Ne7+ Kf7 43. Nxf5 Ke6 44. Nxg7+ Kd5 45. b5 axb5 46. axb5 Kc5 47. Nf5 Kxb5 48. Nxd6+ Kc5 49. Nf5 Kc4 50. Kg2 d3 51. cxd3+ Kxd3 52. Kf3 1-0

[Event "Quebec-ch qual"]
[Site "Gatineau CAN"]
[Date "2008.04.08"]
[Round "5"]
[White "Libersan, Mattieu"]
[Black "Cossette, Daniel"]
[Result "0-1"]
[WhiteElo "1843"]
[BlackElo "2116"]
[PlyCount "78"]
[GameId "2160767910413294"]
[EventDate "2008.03.11"]
[EventType "swiss"]
[EventRounds "5"]
[EventCountry "CAN"]
[SourceTitle "EXT 2011"]
[Source "ChessBase"]
[SourceDate "2011.11.26"]
[SourceVersion "1"]
[SourceVersionDate "2011.11.26"]
[SourceQuality "1"]

1. e4 c5 2. Nf3 Nc6 3. d4 cxd4 4. Nxd4 Nf6 5. Nc3 g6 6. Be2 Bg7 7. Be3 O-O 8. O-O d5 9. exd5 Nxd5 10. Nxd5 Qxd5 11. Bf3 Qa5 12. Nxc6 bxc6 13. Bd4 Rd8 14. Qe1 Qxe1 15. Rfxe1 Bxd4 16. Rxe7 Be6 17. c3 Bc5 18. Rc7 Rac8 19. Rxc8 Rxc8 20. Rd1 Bxa2 21. Rd7 Be6 22. Rb7 Bd5 23. Bxd5 cxd5 24. Rd7 d4 25. cxd4 Bxd4 26. g3 Bb6 27. Rd2 Kg7 28. Kg2 Kf6 29. h4 Rd8 30. Re2 Rd3 31. Rc2 Ke5 32. Re2+ Kf5 33. Rc2 h5 34. Re2 Rb3 35. Rd2 Ke4 36. Re2+ Kd3 37. Kf1 Bd4 38. Re7 Rxb2 39. Rxf7 Rxf2+ 0-1